Rap by letter (H) - Statistics

General Stats
  • This quiz has been taken 2 times
  • The average score is 3 of 10
Answer Stats
Hint Answer % Correct
2Pac's famous disstrack towards Biggie and eastside. Hit 'Em Up
100%
Nas' song, where Puff Daddy (Diddy) is a feature. Released in 1999. Hate Me Now
50%
Mobb Deep was a rap duo formed by Prodigy and ____. Havoc
50%
Ice Cube's song, has features from Dr. Dre and MC Ren. Released in 2000. Hello
50%
Rapper, who was a feature in a few songs from "2001". For example "Bang Bang" and "Xxplosive" are songs that have him as a feature. Hittman
50%
2Pac's song from "The Don Killuminati: The 7 Day Theory", featuring Outlawz. Hail Mary
0%
2Pac's song, released in 1996. Heartz Of Men
0%
Mobb Deep's album, released in 1996. Hell On Earth
0%
Method Man's and Redman's song, released in 1995. How High
0%
Lil Wayne's song from "Tha Carter II". Hustler Musik
0%
No matching quizzes found
Score Distribution
Percent of People with Each Score
Percentile by Number Answered
Your Score History
You have not taken this quiz